Gregor and the Code of Claw / (Record no. 3322)
[ view plain ]
| 000 -LEADER | |
|---|---|
| fixed length control field | 00872nam a22002417a 4500 |
| 001 - CONTROL NUMBER | |
| control field | 3322 |
| 003 - CONTROL NUMBER IDENTIFIER | |
| control field | FISKH |
| 005 - DATE AND TIME OF LATEST TRANSACTION | |
| control field | 20240227133302.0 |
| 008 - FIXED-LENGTH DATA ELEMENTS--GENERAL INFORMATION | |
| fixed length control field | 240227b cb ||||| |||| 00| 0 eng d |
| 040 ## - CATALOGING SOURCE | |
| Original cataloging agency | FISK |
| Language of cataloging | eng |
| Transcribing agency | FISK |
| Modifying agency | FISK |
| 050 ## - LIBRARY OF CONGRESS CALL NUMBER | |
| Classification number | PZ7.C6837 |
| 082 ## - DEWEY DECIMAL CLASSIFICATION NUMBER | |
| Classification number | 813.6 |
| 100 ## - MAIN ENTRY--PERSONAL NAME | |
| Personal name | Collins Suzanne : |
| Dates associated with a name | 1962 |
| 245 ## - TITLE STATEMENT | |
| Title | Gregor and the Code of Claw / |
| Statement of responsibility, etc. | Suzanne Collins |
| 260 ## - PUBLICATION, DISTRIBUTION, ETC. | |
| Place of publication, distribution, etc. | New York : |
| Name of publisher, distributor, etc. | Suzanne Collins, |
| Date of publication, distribution, etc. | 2007 |
| 300 ## - PHYSICAL DESCRIPTION | |
| Extent | 412 pages : |
| Other physical details | 20 cm : |
| 490 ## - SERIES STATEMENT | |
| Materials specified | The bestselling underland chronicles |
| Series statement | Book 5 |
| 501 ## - WITH NOTE | |
| With note | M |
| 520 ## - SUMMARY, ETC. | |
| Summary, etc. | When twelve-year-old Gregor finally learns the ancient prophecy, which foretells his death, he must gather his courage to defend Regalia from the army of rats, take his mother and sister home safely, and fight his own dark side. |
| 521 8# - TARGET AUDIENCE NOTE | |
| Target audience note | 730 |
| Source | M |
| 700 ## - ADDED ENTRY--PERSONAL NAME | |
| Personal name | Suzanne Collins |
| 942 ## - ADDED ENTRY ELEMENTS (KOHA) | |
| Source of classification or shelving scheme | Dewey Decimal Classification |
| Koha item type | Books |
| Suppress in OPAC | No |
| Withdrawn status | Lost status | Source of classification or shelving scheme | Damaged status | Not for loan | Collection | Home library | Current library | Shelving location | Date acquired | Total Checkouts | Full call number | Barcode | Date last seen | Copy number | Price effective from | Koha item type |
|---|---|---|---|---|---|---|---|---|---|---|---|---|---|---|---|---|
| Dewey Decimal Classification | Fiction | Footprints International School Library Network Toul Kork Campus | Footprints International School Library Network Toul Kork Campus | 02/27/2024 | COL PZ7.C6837 813.6 | 2024-0125 | 02/27/2024 | 1 | 02/27/2024 | Books |
